Visualizzazione normale
Vista MARC
- Saunders Sony
di Personal Name
Records bibliografici associati: 1
001 - CONTROL NUMBER
- control field: 32502
003 - CONTROL NUMBER IDENTIFIER
- control field: IT-RoPau
005 - DATE AND TIME OF LATEST TRANSACTION
- control field: 20140701091949.0
008 - FIXED-LENGTH DATA ELEMENTS
- fixed length control field: 140701|| aca||aabn | a|a d
040 ## - CATALOGING SOURCE
- Original cataloging agency: IT-RoPau
- Transcribing agency: IT-RoPau
100 ## - HEADING--PERSONAL NAME
- Personal name: Saunders Sony
- Miscellaneous information: Codice autore testo/musica SPICS: 50691
- Relator term: Autore musica
- Name of part/section of a work: Come Get Me Angel (riscritta da Mick Hucknall)
670 ## - SOURCE DATA FOUND
- Source citation: Work cat.: (IT-RoPau)99295: AA.VV. 794, Blue